Nuevas tendencias en la interpretación de los derechos fundamentales

Zapisane w:
Opis bibliograficzny
Główni autorzy: Gimeno Sendra, Vicente (Autor), Regueiro García, María Teresa (Autor)
Format: Książka
Język:hiszpański
Wydane: Madrid Universitas S.A 2015
Wydanie:1a. ed
Hasła przedmiotowe:
Etykiety: Dodaj etykietę
Nie ma etykietki, Dołącz pierwszą etykiete!

MARC

LEADER 00000cam a2200000 a 4500
001 UCC8975
003 CL-VaPUC
008 190830e20150000sp |||||||||||||||||spa|d
020 |a 9788479914257 
082 0 4 |a 323.4  |b GIM  |2 21 
100 |a Gimeno Sendra, Vicente  |e author  |9 603900 
700 |a Regueiro García, María Teresa  |e author  |9 603937 
245 1 0 |a Nuevas tendencias en la interpretación de los derechos fundamentales 
250 |a 1a. ed 
300 |a 819 p 
942 |c BK 
945 |d 20190830 10:52:00  |a dcastane 
260 |a Madrid  |b Universitas S.A  |c 2015 
650 0 |a Derechos fundamentales   |9 254841 
650 0 |a Derecho natural   |9 255041 
650 0 |a Ordenamiento jurídico   |9 355371 
650 7 |a GARANTIAS CONSTITUCIONALES  |2 CL-VaPUC  |9 603715 
583 |a last modification  |c 20190830 10:52:00  |k Rodrigo Vera 
999 |c 375170  |d 375168 
952 |0 0  |1 0  |3 erb  |4 0  |6 323_400000000000000_GIM_2015  |7 0  |8 WP_COW  |9 561114  |a BIBDER  |b BIBDER  |e Fundación W and P Cowley  |i 5596912  |l 3  |m 1  |o 323.4 GIM 2015  |p 5596912  |r 2024-08-13  |s 2024-08-05  |w 2020-03-12  |y BK  |z Catalogado en:20190830  |k WPC